Race de chien par lettre [A-Z] - Statistiques

Statistiques générales
  • Ce quiz a été pris 286 fois
  • Le résultat moyen est 13 sur 25
Statistiques - réponses
Hint Réponse % Correct
B Bangkaew - Barbet - Basenji - Basset - Beagle - Berger - Bichon - Billy - Bluetick coonhound - Boerboel - Border Collie - Bouledogue - Bouvier - Boxer - Boykin Spaniel - Brachet - Braque - Griffon - Broholmer - Bull Terrier - Bulldog - Bullmastiff
100%
C Cairn - Caniche - Carlin - Cavalier King Charles - Cavoodle (Cavapoo) - Chien d'arrêt - Chien d'Artois - Chien de Bali - Chien de Canaan - Chien chanteur - Chien nu chinois - Chien chinois de Chongqing - Chien de Castro Laboreiro - Cane Corso - Cursinu - Chien courant - Chien créole - Chien de ferme - Chien d'eau - Chien d'élan - Chien fer - Chien finnois - Chien de Garenne des Canaries - Chien de Taïmyr - Chien du Groenland - Chien Léopard Catahoula - Chien-Loup - Chien à Loutre - Chien de montagne - Chien noir et feu - Chien Norvégien de Macareux - Chien nu - Chien d'ours de carélie - Chien d'Oysel Allemand - Chien Paria - Chien de Recherche au sang - Chien de Saint-Hubert - Chien Suédois - Chien de Taïwan - Chien de Terre-Neuve - Chien Thaïlandais - Chihuahua - Chow-Chow - Cimarron Cirneco - Clumber - Cockapoo - Cocker - Colley - Corgi - Coton de Tuléar
96%
D Dalmatien - Dandie - Deerhound - Dingo - Dogue - Dobermann
91%
S Saint-Bernard - Samoyède - Schapendoes - Schillerstövare - Schipperke - Schnauzer - Sealyham Terrier - Setter - Shar Pei - Shiba - Shih Tzu - Shikoku - Skye terrier - Smous - Spitz - Staffordshire Bull Terrier - Staffordshire Terrier Américain (Amstaff)
85%
L Labernois - Labradoodle - Labrador - Laïka - Lancashire Heeler - Landseer - Leonberg - Lévrier - Lhassa Apso - Lurcher
82%
T Tamaskan - Tchouvatch - Teckel - Terre-Neuve - Terrier - Tosa
75%
M Malamute - Malinois - Mastiff - Mâtin - Mudi
67%
Y Yorkshire - Youjak (Berger)
66%
H Harrier - Hovawart - Husky
60%
E Epagneul - Esquimau - Eurasier
59%
G Gascon - Golden Retriever - Griffon - Grand Anglo-français - Grand Basset - Grand Bouvier - Grand Griffon - Grand Müsterländer
59%
W Welsh Corgi - Westie (terrier)
56%
R Ratier - Redbone - Retriever - Rhodesian Ridgeback - Rottweiler - Royal Bourbon
55%
J Jack Russel - Jindo Coréen (Spitz Coréen de Jindo)
54%
N Norfolk Terrier - Norwich Terrier
51%
K Kai - Kangal - Keeshond (Spitz-loup) - Kelpie - Kerry Beagle - Kishu - Komondor - kooikerhondje - koolie - Kromfohrländer - Kuvasz
50%
P Papillon - Pékinois - Perro Fino - Petit basset - Petit Bleu de Gascogne - Petit Brabançon - Petit chien courant - Petit chien lion - Petit chien Russe - Petit Münsterländer - Petit Lévrier - Phalène - Pinscher - Pit-Bull - Pointer - poitevin - Porcelaine - Pudelpointer - Puggle - Puli - Pumi
50%
F Fila - Field Spaniel - Foxhound - Fox Terrier - Français
42%
A Affenpinscher (Zwergaffen) - Africanis - Aïdi - Aïnou - Akbash - Akita - Alano - Alaskan Klee Kai - Amstaff - Anglo-Français - Ariégeois
40%
I Irish Wolfhound (Lévrier Irlandais)
35%
V Valhund Suédois (Spitz) - Vizsla (Braque)
29%
O Old English Bulldog
11%
X Xoloitzcuintle (Xolo / Chien nu Mexicain)
11%
Z Zuchon - Zwergaffen (Affenpincher) -
5%
U Utonagan
1%
Aucun quiz correspondant
Distribution des résultats
% des personnes avec chaque résultat
Percentile par nombre de réponses
Votre historique - résultats
Vous n’avez pas pris ce quiz